Non-Country Flags #2 - Statistics

General Stats
  • This quiz has been taken 153 times
  • The average score is 10 of 15
Answer Stats
Picture Hint Answer % Correct
Ex Portuguese Territory Macau
92%
Mediterranean Island Sicily
82%
New Zealand Territory Niue
80%
French Territories French Polynesia
79%
Carribean Island Curacao
76%
Caucasus South Ossetia
76%
A Planet Mars
72%
Jewish City Tel Aviv
60%
No Recognition Sealand
59%
Nordic City Stockholm
59%
Ex Soviet Territory Crimea
53%
On the Arabic Peninsula Dubai
49%
Northern Parts of a Country Nunavut
48%
Argentinian city with the same name as a US Territory Capital San Juan
47%
In India Goa
32%
No matching quizzes found
Score Distribution
Percent of People with Each Score
Percentile by Number Answered
Your Score History
You have not taken this quiz